| 000 | 00825nam a22002177a 4500 | ||
|---|---|---|---|
| 999 |
_c232 _d232 |
||
| 003 | AR-CdUCM | ||
| 008 | 190222b ||||| |||| 00| 0 spa d | ||
| 040 |
_aMUNICIPALIDAD PROVINCIAL DEL CUSCO _cBIBLIOTECA MUNICIPAL DEL CUSCO |
||
| 082 |
_a869.56 / _bC33 |
||
| 100 |
_aCatañeda Vielakamen, Esther _91021 |
||
| 245 |
_aEl vanguardismo literario en el Perú : _bestudio y selección de la revista Flechas (1924) / |
||
| 260 |
_aPerú : _bAmaru editores, _c1989. |
||
| 300 |
_a157 páginas ; _c20 cm. |
||
| 505 | _aContenido: Años veinte: Modernismo y Vanguardismo -- La revista Flechas -- Guía hemerográfica de Flechas... | ||
| 650 |
_aVanguardismo literario _91022 |
||
| 650 |
_aPerú _935 |
||
| 650 |
_aRevista Flecha _91023 |
||
| 650 |
_aLiteratura peruana _9169 |
||
| 942 |
_2ddc _cLIBROS |
||
| 945 |
_alccs _d2019-02-22 |
||